Đánh giá chất lượng và ảnh hưởng của các mức thay thế thân bắp ủ chua trong khẩu phần đến sinh trưởng của bò lai Zebu tại huyện Bình Tân, tỉnh Vĩnh Long : Luận văn tốt nghiệp Cao học. Chuyên ngành Chăn nuôi
Đánh giá chất lượng thân bắp ủ chua ở các thời điểm bảo quản khác nhau, xác định ảnh hưởng của các mức độ thân bắp ủ chua trong khẩu phần đến tăng trưởng của bò lai Zebu.
Zapisane w:
| 1. autor: | |
|---|---|
| Format: | Książka |
| Język: | Undetermined |
| Wydane: |
Cần Thơ
Trường Đại học Cần Thơ
2017
|
| Hasła przedmiotowe: | |
| Etykiety: |
Dodaj etykietę
Nie ma etykietki, Dołącz pierwszą etykiete!
|
| Thư viện lưu trữ: | Trung tâm Học liệu Trường Đại học Cần Thơ |
|---|
| LEADER | 01205nam a2200205Ia 4500 | ||
|---|---|---|---|
| 001 | CTU_224364 | ||
| 008 | 210402s9999 xx 000 0 und d | ||
| 082 | |a 636.2085 | ||
| 082 | |b Đ110 | ||
| 100 | |a Hồ, Quốc Đạt | ||
| 245 | 0 | |a Đánh giá chất lượng và ảnh hưởng của các mức thay thế thân bắp ủ chua trong khẩu phần đến sinh trưởng của bò lai Zebu tại huyện Bình Tân, tỉnh Vĩnh Long : | |
| 245 | 0 | |b Luận văn tốt nghiệp Cao học. Chuyên ngành Chăn nuôi | |
| 245 | 0 | |c Hồ Quốc Đạt ; Hồ Thanh Thâm (Cán bộ hướng dẫn) | |
| 260 | |a Cần Thơ | ||
| 260 | |b Trường Đại học Cần Thơ | ||
| 260 | |c 2017 | ||
| 520 | |a Đánh giá chất lượng thân bắp ủ chua ở các thời điểm bảo quản khác nhau, xác định ảnh hưởng của các mức độ thân bắp ủ chua trong khẩu phần đến tăng trưởng của bò lai Zebu. | ||
| 650 | |a Cattle,Gia súc | ||
| 650 | |x Feeding and feeds,Thức ăn và cho ăn | ||
| 980 | |a Trung tâm Học liệu Trường Đại học Cần Thơ | ||